| 000 | 00852nas a2200265 4500 | ||
|---|---|---|---|
| 001 | BR6007975 | ||
| 003 | BR-BrBNA | ||
| 005 | 20231205082044.0 | ||
| 007 | ta | ||
| 008 | 230509b bl.|||p| |||| 00| 00por d | ||
| 040 |
_aBR-BrBNA _bpor _cBiblioteca Nacional de Agricultura |
||
| 041 | _a(Pt) | ||
| 072 | _aF22; F27; F00 | ||
| 100 | 1 | _aBergamaschi, H. | |
| 100 | 1 | _aCauduro, F.A. | |
| 245 | 1 | _aEfeito de niveis de umidade do solo sobre o rendimento de duas cultivares de soja (Glycine max (L.)Merril), em tres epocas de semeadura [Brasil] | |
| 650 | _aFISICA DO SOLO | ||
| 650 | _aSOJA | ||
| 650 | _aSEMEADURA | ||
| 650 | _aRENDIMENTO | ||
| 650 | _aUMIDADE DO SOLO | ||
| 773 | 0 |
_tAgronomia Sulriograndense (Brazil) _xISSN 0400-8111 _g(1975), v. 11(2) p. 195-206 _wBR6007975 |
|
| 909 |
_a202311 _bLúcia _c55 _dLúcia Elande |
||
| 942 |
_2AGRIS _n0 _cANA |
||
| 999 |
_c88863 _d88863 |
||